Guess the One Direction song with no hints #32 - Statistics

General Stats
  • This quiz has been taken 89 times
  • The average score is 148 of 271
Answer Stats
Answer % Correct
I
100%
ya
98%
you
98%
you)
98%
a
95%
no,
88%
no
88%
the
86%
The
86%
we
85%
on
83%
to
83%
is
77%
love
77%
it
75%
what
74%
I'm
72%
my
72%
(My
72%
Oh,
72%
oh,
72%
(Ooh)
72%
that
71%
of
69%
she
69%
She
69%
Her
65%
her
65%
for
63%
as
58%
as,
58%
As
58%
I'd
55%
(I'd
55%
say
55%
she's
55%
girl
54%
Some
54%
too
54%
Am
52%
have
52%
only,
51%
only
51%
There,
51%
up,
49%
feel
45%
made
45%
get
43%
down,
42%
down
42%
down),
42%
here
42%
Now,
40%
light
38%
save
38%
something
38%
knees
37%
Let's
37%
stay
37%
almighty
35%
believer?
35%
believer
35%
feeling,
35%
loud
35%
many
35%
there's
35%
There's
35%
young,
35%
ambulances
34%
big
34%
balloon
32%
Hey,
32%
hey
32%
room
32%
takes
32%
through
32%
woah,
32%
woah
32%
another
31%
happening
31%
floats
29%
hope
29%
lightnin'
29%
pray
29%
toast
29%
fake,
28%
saviour,
25%
such
25%
No matching quizzes found
Score Distribution
Percent of People with Each Score
Percentile by Number Answered
Your Score History
You have not taken this quiz